000 003120000a22001450004500
003 MACL
040 _aMACL
090 _c32247
_d32245
100 _aRajaram, Kalpana
245 _aFacts of Indian Culture
260 _bSpectrum India
_c2002
350 _a120
650 _aSociology
942 _cBOOK
_k303.482/RAJ
999 _c31919
_d31919